000 01071cab a2200253 4500
001 ABS57422
008 090401t1997 xxu||||| |||| 00| 0 eng d
035 _a(Sirsi) u80300
041 _aeng
100 _aThompson, I.
245 _aDEFCON 2000: the MoD`s rebuff of collaboration
260 _c1997
350 _a0
490 _aInternational Construction Law Review
_v14(3) July 1997, 327-341(13)
520 _aFocuses on the Ministry of Defence`s decision to launch its own construction contracts called DEFCON 2000. This contrasts with Latham Report recommendations which promotes the use of the New Engineering Contract. The article reviews the contract, its fitness for purpose, whether it will be accepted by the construction industry and whether it will increase costs. Appendices.
650 _aBUILT ENVIRONMENT-BUILDING CONTRACT FORMS
650 _aDEFCON 2000
650 _aLATHAM REFORMS
650 _aMINISTRY OF DEFENCE
690 _aBUILT ENVIRONMENT-BUILDING CONTRACT FORMS
700 _aCox, A
942 _n0
948 _c18/08/1997
999 _c50564
_d50564